Laufey song by the feature - Statistics

General Stats
  • This quiz has been taken 9 times
  • The average score is 8 of 11
Answer Stats
Hint Answer % Correct
Beabadoobee A Night To Remember
100%
The Philharmonia Orchestra Let You Break My Heart Again
86%
Adam Melchor Love Flew Away
86%
Dodie Love To Keep Me Warm
86%
Alexander 23 Ain't Christmas
71%
Norah Jones Better Than Snow
71%
Norah Jones Have Yourself A Merry Little Christmas
71%
Clario Mr. Eclectic
71%
Víkingur Ólafsson Bewitched - Reworked
57%
The Philharmonia Orchestra California And Me
57%
Iceland Symphony Orchestra Forget-Me-Not
57%
No matching quizzes found
Score Distribution
Percent of People with Each Score
Percentile by Number Answered
Your Score History
You have not taken this quiz